History Quiz

Random History Quiz

Roman Emperors WHS Quiz Stats

Quiz not verified by Sporcle

Challenge
Share
Tweet
Embed
Score 0/55 Timer 10:00
0 Plays Today
Years Emperor % Correct
27 BC - 14 ADAugustus
89.2%
54 - 68Nero
89%
37 - 41Caligula
83.1%
41 - 54 Claudius
79.6%
14 - 37Tiberius
76.7%
117 - 138Hadrian
71.6%
69 - 79Vespasian
63.8%
98 - 117Trajan
63%
161 - 180Marcus Aurelius
61.6%
79 - 81Titus
59.1%
69Galba
57.6%
69Otho
57.3%
177 - 192Commodus
54.5%
81 - 96Domitian
52.7%
69Vitellius
49.5%
96 - 98Nerva
49.1%
193 - 211Septimius Severus
38.9%
138 - 161Antoninus Pius
38.3%
193Pertinax
35.8%
161 - 175Lucius Verus
35.7%
238Gordian I
35.1%
238Gordian II
35%
307 - 337Constantine I
34.2%
211 - 217Caracalla
33.4%
238 - 244Gordian III
32.8%
284 - 305Diocletian
32.6%
211Geta
31.8%
222 - 235Alexander Severus
28.1%
Years Emperor % Correct
218 - 222Elagabalus
27.2%
268 - 270Claudius II
27.2%
244 - 249Philip the Arab
26.7%
193Didius Julianus
25.3%
235 - 238Maximinus Thrax
24.6%
217 - 218Macrinus
22%
270 - 275Aurelian
22%
253 - 260Valerian
21.2%
249 - 251Decius
19.3%
275 - 276 Tacitus
16.4%
276 - 282Probus
16.4%
286 - 305Maximian
15.5%
282 - 283Carus
15.3%
305 - 306Constantius I
15.2%
308 - 324Licinius
14.5%
306 - 307Severus II
14.2%
283 - 284Numerian
13.1%
276Florianus
11.2%
283 - 285Carinus
10.9%
306 - 312Maxentius
10.5%
310 - 313Maximinus Daia
10.3%
305 - 311Galerius
9.3%
253 - 268Gallienus
8.7%
238Pupienus and Balbinus
8.5%
270Quintillus
8.2%
251 - 253Trebonianus Gallus
5%
253Aemilius Aemilianus
4.5%

You're not logged in!

Compare scores with friends on all Sporcle quizzes.
Sign Up with Email
OR
Log In

You Might Also Like...

Show Comments

Extras

Top Quizzes Today


Score Distribution

Your Account Isn't Verified!

In order to create a playlist on Sporcle, you need to verify the email address you used during registration. Go to your Sporcle Settings to finish the process.

Report this User

Report this user for behavior that violates our Community Guidelines.

Details: